[Event "Superettan(Rock.,Sthlm II-Helsingborg)"]
[Site "?"]
[Date "2024.10.04"]
[Round "1"]
[White "Johansson, Thomas"]
[Black "Crevatin, Leo"]
[Result "1/2-1/2"]
[WhiteElo "2179"]
[BlackElo "2231"]
[PlyCount "51"]
[SourceVersionDate "2024.10.27"]

1. e4 c6 2. d4 d5 3. Nd2 dxe4 4. Nxe4 Bf5 5. Qf3 e6 6. Ne2 Nd7 7. N2g3 Bg6 8.
Bg5 Qa5+ 9. c3 Be7 10. Bxe7 Kxe7 11. Bc4 Ngf6 12. Nxf6 Nxf6 13. O-O Rhe8 14. a4
Kf8 15. b4 Qc7 16. h4 h6 17. h5 Bh7 18. a5 a6 19. Rad1 Rad8 20. Rfe1 e5 21.
dxe5 Rxd1 22. Qxd1 Rxe5 23. Rxe5 Qxe5 24. Qd8+ Ne8 25. Qd7 Nd6 26. Qd8+ 1/2-1/2

[Event "Superettan(Lulea-Skara)"]
[Site "?"]
[Date "2024.10.04"]
[Round "1"]
[White "Eklund, Lars-Goran"]
[Black "Marklund, Niklas"]
[Result "0-1"]
[WhiteElo "2198"]
[BlackElo "2125"]
[PlyCount "44"]
[SourceVersionDate "2024.10.27"]

1. Nf3 c5 2. c4 g6 3. d4 cxd4 4. Nxd4 Bg7 5. e4 Qb6 6. Nb3 d6 7. Be3 Qc6 8. Qc2
Na6 9. Nc3 Nf6 10. c5 Nb4 11. Qb1 Nxe4 12. Nxe4 Bf5 13. f3 d5 14. g4 dxe4 15.
gxf5 exf3 16. Nd4 Qd5 17. Bb5+ Kf8 18. Qd1 Bxd4 19. Bxd4 Qxd4 20. Qxd4 Nc2+ 21.
Kf2 Nxd4 22. Bd3 gxf5 0-1

[Event "Superettan(Schack 08-Wasa II)"]
[Site "?"]
[Date "2024.10.04"]
[Round "1"]
[White "Ask, Josef"]
[Black "Lilliehook, Victor"]
[Result "1-0"]
[WhiteElo "2106"]
[BlackElo "2017"]
[PlyCount "81"]
[SourceVersionDate "2024.10.27"]

1. b3 d5 2. Bb2 Nf6 3. e3 e6 4. f4 c5 5. Nf3 Nc6 6. Bb5 Bd7 7. O-O Bd6 8. Bxc6
Bxc6 9. Ne5 Bxe5 10. fxe5 Nd7 11. Qg4 O-O 12. Rf3 Qe7 13. Rg3 f5 14. exf6 Nxf6
15. Qg5 Rae8 16. d3 Kh8 17. Nd2 h6 18. Qe5 Rf7 19. Rf1 Ref8 20. Rg6 Kh7 21. Rg3
Nd7 22. Rxf7 Rxf7 23. Qh5 Nf8 24. Nf3 Rf5 25. Qg4 g6 26. Be5 Qf7 27. Qh4 Rh5
28. Qd8 Rf5 29. h4 Qe8 30. Qd6 Nd7 31. Rg4 Rh5 32. e4 d4 33. Rf4 Kg8 34. g4
Nxe5 35. gxh5 Nd7 36. Rg4 Kh7 37. hxg6+ Kg7 38. h5 Nf6 39. Qe5 b6 40. Rf4 Qe7
41. Nh2 1-0

[Event "Superettan(Rock.,Sthlm II-Helsingborg)"]
[Site "?"]
[Date "2024.10.04"]
[Round "1"]
[White "Nikolic, Vladan"]
[Black "Nilsson Hask, Patrik"]
[Result "0-1"]
[WhiteElo "2209"]
[BlackElo "2124"]
[PlyCount "68"]
[SourceVersionDate "2024.10.27"]

1. d4 f5 2. c4 Nf6 3. g3 g6 4. Bg2 Bg7 5. Nf3 O-O 6. O-O d6 7. Nc3 Qe8 8. b3
Na6 9. Ba3 c6 10. Qd3 Rb8 11. e4 fxe4 12. Nxe4 Bf5 13. Nxf6+ Bxf6 14. Qd2 Qd7
15. Rfe1 Nc7 16. Bb2 b5 17. d5 c5 18. Bc3 bxc4 19. bxc4 Bxc3 20. Qxc3 e6 21.
dxe6 Nxe6 22. Rad1 Bg4 23. Ne5 Qg7 24. Rxd6 Nd4 25. f4 Rb1 26. Bd5+ Kh8 27.
Nf7+ Qxf7 28. Rxb1 Qe7 29. Ra6 Re8 30. Kh1 Bf5 31. Rb7 Qe2 32. Qa1 Bh3 33. Kg1
Qe3+ 34. Kh1 Qe1+ 0-1

[Event "Superettan(Lulea-Skara)"]
[Site "?"]
[Date "2024.10.04"]
[Round "1"]
[White "Marcussen, Arno"]
[Black "Olsson, Simon"]
[Result "0-1"]
[WhiteElo "2159"]
[BlackElo "2086"]
[PlyCount "160"]
[SourceVersionDate "2024.10.27"]

1. e4 c6 2. Nc3 d5 3. Nf3 Bg4 4. Be2 e6 5. d4 Nf6 6. h3 Bxf3 7. Bxf3 dxe4 8.
Nxe4 Nxe4 9. Bxe4 Nd7 10. Bf3 Bd6 11. Be3 O-O 12. Qd2 Nb6 13. Qe2 Nd5 14. O-O
Qh4 15. Rad1 Nxe3 16. Qxe3 Rad8 17. Rfe1 Rd7 18. Bg4 Re7 19. g3 Qf6 20. Qf3
Qxf3 21. Bxf3 Rd8 22. Rd3 Red7 23. Red1 Kf8 24. c4 Be5 25. d5 cxd5 26. cxd5
Bxb2 27. Be4 exd5 28. Rxd5 Rxd5 29. Rxd5 Rxd5 30. Bxd5 b5 31. Kf1 Ke7 32. Ke2
f6 33. Kd3 Kd6 34. Bg8 h6 35. Ke4 a5 36. Kf5 Bd4 37. f4 Ke7 38. Kg6 Kf8 39. Bd5
b4 40. Bb3 Bf2 41. g4 Be3 42. Kf5 Ke7 43. Ke4 Bc1 44. f5 Kd6 45. Ba4 Kc5 46.
Kd3 Kd5 47. Be8 Ke5 48. h4 Kf4 49. h5 Kxg4 50. Bg6 a4 51. Kc2 Bf4 52. Kb1 Bd6
53. Kc2 Be5 54. Kb1 Kf4 55. Kc2 Ke4 56. Bh7 Bd6 57. Bg6 Kf4 58. Kb1 Ke5 59. Kc2
Kd4 60. Be8 Ke4 61. Bg6 Ke5 62. Kb1 Bf8 63. Kc2 Kd4 64. Be8 Ke4 65. Bg6 Ke3 66.
Kc1 Kd3 67. Kb2 Kd2 68. Kb1 a3 69. Bh7 g5 70. fxg6 Bg7 71. Bg8 f5 72. Be6 f4
73. Bd5 Ke3 74. Kc2 f3 75. Kb3 Bc3 76. g7 Bxg7 77. Kxb4 Bb2 78. Bc4 Kf2 79. Bd5
Ke2 80. Bc4+ Ke1 0-1

[Event "Superettan(Schack 08-Wasa II)"]
[Site "?"]
[Date "2024.10.04"]
[Round "1"]
[White "Eriksson, Lennarth"]
[Black "Sternlund, Hakan"]
[Result "0-1"]
[WhiteElo "1958"]
[BlackElo "2113"]
[PlyCount "92"]
[SourceVersionDate "2024.10.27"]

1. b3 d5 2. Bb2 c5 3. e3 e6 4. f4 Nf6 5. Nf3 a6 6. Bd3 b5 7. O-O Bb7 8. Qe1 Ne4
9. c4 dxc4 10. Bxe4 Bxe4 11. bxc4 Bd3 12. Ne5 Bxf1 13. Qxf1 b4 14. Qf3 Ra7 15.
d4 Bd6 16. Nd3 O-O 17. Nd2 Be7 18. Ne4 cxd4 19. exd4 Rd7 20. Qf2 Nc6 21. Re1 a5
22. Ne5 Nxe5 23. fxe5 f5 24. Nd6 Bxd6 25. exd6 Rxd6 26. Qf4 Qd7 27. Qe5 a4 28.
d5 exd5 29. c5 Rdf6 30. Bd4 f4 31. Qg5 Rf5 32. Qg4 R5f7 33. Qf3 Qc6 34. Re5 Rd8
35. h3 h6 36. Kh1 Qd7 37. Qh5 b3 38. axb3 axb3 39. Qg6 f3 40. c6 fxg2+ 41. Kxg2
Qc7 42. Qe6 Rd6 43. Qe8+ Kh7 44. h4 Rxc6 45. h5 Rc2+ 46. Kg1 b2 0-1

[Event "Superettan(Rock.,Sthlm II-Helsingborg)"]
[Site "?"]
[Date "2024.10.04"]
[Round "1"]
[White "Rothman, Peter"]
[Black "Bryntze, Stefan"]
[Result "0-1"]
[WhiteElo "2117"]
[BlackElo "2179"]
[PlyCount "50"]
[SourceVersionDate "2024.10.27"]

1. d4 c5 2. d5 d6 3. c4 g6 4. Nc3 Bg7 5. Qc2 e5 6. e4 f5 7. g3 Nf6 8. Bd3 fxe4
9. Nxe4 Nxe4 10. Bxe4 Nd7 11. Ne2 Nf6 12. Bg2 Bf5 13. Qb3 Qd7 14. h3 h5 15. Be3
O-O 16. O-O-O Rfb8 17. f3 e4 18. fxe4 Nxe4 19. g4 b5 20. gxf5 bxc4 21. Qxc4 Rb4
22. Qxe4 Rxe4 23. Bxe4 Qe7 24. Nc3 Bxc3 25. bxc3 Qxe4 0-1

[Event "Superettan(Lulea-Skara)"]
[Site "?"]
[Date "2024.10.04"]
[Round "1"]
[White "Jacobson, Erik"]
[Black "Liden, Tommy"]
[Result "0-1"]
[WhiteElo "2125"]
[BlackElo "2134"]
[PlyCount "98"]
[SourceVersionDate "2024.10.27"]

1. e4 c5 2. Nf3 d6 3. d4 cxd4 4. Nxd4 Nf6 5. Nc3 a6 6. Be3 e5 7. Nb3 Be6 8. f3
h5 9. Qd2 Nbd7 10. O-O-O Rc8 11. Kb1 Be7 12. Nd5 Bxd5 13. exd5 Qc7 14. c4 b6
15. Rc1 a5 16. Be2 Qb7 17. Rhd1 a4 18. Na1 O-O 19. Nc2 Ne8 20. Na3 Nc7 21. Bd3
Nc5 22. Bf5 Rb8 23. Nb5 Nxb5 24. cxb5 g6 25. Bh3 f5 26. g3 Bf6 27. g4 hxg4 28.
fxg4 f4 29. Bxc5 bxc5 30. g5 Bd8 31. Qc2 Kg7 32. Bf1 Bxg5 33. Qg2 Bh6 34. Bd3
Rf6 35. Qf3 Kf7 36. Rg1 Rg8 37. Rg2 e4 38. Bxe4 Qxb5 39. Rcg1 g5 40. Rc2 Qb4
41. Re2 Qd4 42. Qh5+ Ke7 43. Bh7+ Kd8 44. Rge1 Rgf8 45. Re8+ Kc7 46. R8e7+ Kb6
47. Rd1 Qb4 48. Qg4 a3 49. Re2 f3 0-1

[Event "Superettan(Schack 08-Wasa II)"]
[Site "?"]
[Date "2024.10.04"]
[Round "1"]
[White "Lofgren, Vide"]
[Black "Hedin, Niclas"]
[Result "1-0"]
[WhiteElo "1905"]
[BlackElo "1920"]
[PlyCount "79"]
[SourceVersionDate "2024.10.27"]

1. Nf3 d5 2. g3 Nf6 3. Bg2 c6 4. d3 Bg4 5. Nbd2 Nbd7 6. O-O e6 7. e4 dxe4 8.
dxe4 e5 9. Re1 Bc5 10. h3 Bh5 11. c3 O-O 12. b4 Be7 13. Nb3 Qc7 14. a4 Rfd8 15.
Qc2 Nf8 16. Be3 N6d7 17. Nh4 Bxh4 18. gxh4 Ng6 19. Nd2 Nxh4 20. Bh1 f6 21. Kh2
Nf8 22. Kg3 Nhg6 23. c4 b6 24. c5 bxc5 25. bxc5 Ne6 26. Nc4 Ngf4 27. Nd6 Kh8
28. Qc4 Qd7 29. Bf3 Bxf3 30. Bxf4 Bh5 31. Be3 Bf7 32. Rab1 Rab8 33. Red1 Bg8
34. Nb7 Qxd1 35. Rxd1 Rxd1 36. Qa6 Ng5 37. Bxg5 fxg5 38. Qxa7 Rf8 39. Nd6 Rd3+
40. Kg2 1-0

[Event "Superettan(Rock.,Sthlm II-Helsingborg)"]
[Site "?"]
[Date "2024.10.04"]
[Round "1"]
[White "Eriksson, Dan"]
[Black "Derdic, Valentin"]
[Result "1/2-1/2"]
[WhiteElo "2202"]
[BlackElo "1936"]
[PlyCount "44"]
[SourceVersionDate "2024.10.27"]

1. e4 e5 2. Nf3 Nc6 3. d4 exd4 4. Nxd4 Bc5 5. Be3 Qf6 6. c3 Nge7 7. Bc4 Ne5 8.
Be2 Qg6 9. O-O d6 10. f4 Qxe4 11. Bf2 Bxd4 12. cxd4 N5g6 13. Nc3 Qxf4 14. Nb5
O-O 15. Nxc7 Rb8 16. Kh1 Nf5 17. d5 Ne3 18. Bxe3 Qxe3 19. Nb5 Nf4 20. Bf3 Nd3
21. Qe2 Qxe2 22. Bxe2 Ne5 1/2-1/2

[Event "Superettan(Orgryte-Vasteras)"]
[Site "?"]
[Date "2024.10.04"]
[Round "1"]
[White "Amar, Elham"]
[Black "Akesson, Ralf"]
[Result "1-0"]
[WhiteElo "2539"]
[BlackElo "2351"]
[PlyCount "73"]
[SourceVersionDate "2024.10.27"]

1. e4 c6 2. d4 d5 3. Nd2 dxe4 4. Nxe4 Nd7 5. Nf3 Ngf6 6. Nc3 e6 7. Bd3 Bd6 8.
Qe2 Qc7 9. Bg5 O-O 10. O-O-O Bf4+ 11. Bxf4 Qxf4+ 12. Kb1 c5 13. g3 Qc7 14. g4
cxd4 15. Nxd4 Nc5 16. g5 Nfd7 17. Rhe1 Nxd3 18. Rxd3 Nc5 19. Rh3 g6 20. Nb3 f5
21. Nb5 Qb6 22. Nxc5 Qxc5 23. Rc3 Qe7 24. f4 Bd7 25. Nc7 Rad8 26. Nd5 Qd6 27.
Nf6+ Rxf6 28. Rd3 Qxd3 29. Qxd3 Rf7 30. Rxe6 Rdf8 31. Rd6 Bc6 32. b3 Re8 33.
Qc4 a6 34. h4 Re4 35. Qc3 Rfe7 36. h5 gxh5 37. g6 1-0

[Event "Superettan(Farsta-Kristineberg)"]
[Site "?"]
[Date "2024.10.04"]
[Round "1"]
[White "Tairi, Faruk"]
[Black "Livner, Anders"]
[Result "1/2-1/2"]
[WhiteElo "2402"]
[BlackElo "2295"]
[PlyCount "65"]
[SourceVersionDate "2024.10.27"]

1. e4 c6 2. d4 d5 3. Nd2 dxe4 4. Nxe4 Nf6 5. Nxf6+ exf6 6. c3 Bd6 7. Bd3 O-O 8.
Ne2 Re8 9. O-O Nd7 10. Ng3 Nf8 11. f4 b6 12. f5 c5 13. Nh5 Rb8 14. Qg4 Ng6 15.
Bb5 Rf8 16. Kh1 cxd4 17. cxd4 Kh8 18. Rf3 Rg8 19. Bd2 Ne7 20. Bd3 Nd5 21. Qh4
Qf8 22. Nf4 Nxf4 23. Bxf4 h6 24. Rh3 Kh7 25. Bd2 Bb7 26. Bc4 Rh8 27. Qh5 Kg8
28. Re1 Bc6 29. Qg6 Bb5 30. Bb3 Ba4 31. Bd5 Bc6 32. Bb3 Ba4 33. Bd5 1/2-1/2

[Event "Superettan(Orgryte-Vasteras)"]
[Site "?"]
[Date "2024.10.04"]
[Round "1"]
[White "Carlsson, Ludvig"]
[Black "Torngren, Gustav"]
[Result "1-0"]
[WhiteElo "2334"]
[BlackElo "2269"]
[PlyCount "99"]
[SourceVersionDate "2024.10.27"]

1. e4 c5 2. Nf3 Nc6 3. d4 cxd4 4. Nxd4 Nf6 5. Nc3 e6 6. Qd3 Bb4 7. Nxc6 dxc6 8.
Qxd8+ Kxd8 9. f3 e5 10. Bc4 Ke7 11. a4 Nh5 12. Bd2 a5 13. g3 Bh3 14. Ke2 Rhd8
15. Be3 Be6 16. Bxe6 Kxe6 17. Na2 Be7 18. Nc1 Nf6 19. Nb3 Nd7 20. Rhd1 b6 21.
Rd3 Rac8 22. Rad1 c5 23. Nd2 c4 24. Rc3 Bb4 25. Rxc4 Bxd2 26. Rxc8 Rxc8 27.
Kxd2 g6 28. Re1 h5 29. Bf2 Nc5 30. Bxc5 Rxc5 31. Re3 Rc6 32. Rc3 Rd6+ 33. Rd3
Rc6 34. Rd5 f5 35. b3 g5 36. c4 f4 37. gxf4 gxf4 38. h4 Rc5 39. Rd8 Rc7 40. Rh8
Rg7 41. Rh6+ Kd7 42. Rxh5 Rg2+ 43. Kc3 Kd6 44. Rh6+ Ke7 45. Rxb6 Rf2 46. c5
Rxf3+ 47. Kc4 Re3 48. Kd5 f3 49. Re6+ Kf7 50. Rxe5 1-0

[Event "Superettan(Farsta-Kristineberg)"]
[Site "?"]
[Date "2024.10.04"]
[Round "1"]
[White "Degerman, Lars"]
[Black "Lejlic, Samir"]
[Result "1/2-1/2"]
[WhiteElo "2422"]
[BlackElo "2330"]
[PlyCount "35"]
[SourceVersionDate "2024.10.27"]

1. c4 g6 2. g3 Bg7 3. Bg2 c5 4. Nc3 Nc6 5. Nf3 a6 6. O-O Rb8 7. e3 d6 8. d4 b6
9. d5 Na5 10. Qe2 Bg4 11. h3 Bxf3 12. Bxf3 Bxc3 13. bxc3 Nf6 14. e4 Nd7 15. Bf4
Ne5 16. Bxe5 dxe5 17. h4 Qd7 18. a4 1/2-1/2

[Event "Superettan(Orgryte-Vasteras)"]
[Site "?"]
[Date "2024.10.04"]
[Round "1"]
[White "Frisk Kockum, Anton"]
[Black "Hamark, Jesper"]
[Result "1/2-1/2"]
[WhiteElo "2344"]
[BlackElo "2296"]
[PlyCount "114"]
[SourceVersionDate "2024.10.27"]

1. d4 d6 2. e4 Nf6 3. Nc3 e5 4. Nf3 Nbd7 5. Bc4 Be7 6. O-O O-O 7. a4 c6 8. a5
Rb8 9. Re1 b5 10. axb6 axb6 11. Ba2 b5 12. b4 Bb7 13. Bb2 Qc7 14. Qd3 Rfe8 15.
Rad1 Bf8 16. Ng5 Re7 17. f4 h6 18. Nf3 Ree8 19. Ne2 d5 20. Nxe5 Nxe4 21. Ng3
Nxg3 22. hxg3 Bxb4 23. c3 Bd6 24. Bb1 Nf8 25. Bc1 Re7 26. Nf3 Rbe8 27. Rxe7
Rxe7 28. Kf2 Bc8 29. Rh1 Qd7 30. Ne5 Qe8 31. Rh4 f6 32. Nf3 Qf7 33. g4 Bd7 34.
g3 c5 35. dxc5 Bxc5+ 36. Kg2 Qe6 37. Kf1 Qe4 38. g5 Qxd3+ 39. Bxd3 hxg5 40.
fxg5 Kf7 41. gxf6 gxf6 42. Nd4 b4 43. cxb4 Bxb4 44. Ne6 Nxe6 45. Rxb4 Nc5 46.
Bb1 Bc8 47. Kf2 Rb7 48. Rxb7+ Bxb7 49. Be3 Nd7 50. Bd4 Ne5 51. Ke3 Bc8 52. Kf4
Nc6 53. Bb2 Be6 54. g4 Ne7 55. Bc2 Bd7 56. Bb1 Bb5 57. g5 fxg5+ 1/2-1/2

[Event "Superettan(Farsta-Kristineberg)"]
[Site "?"]
[Date "2024.10.04"]
[Round "1"]
[White "Oliwa, Marek"]
[Black "Lundin, Jan"]
[Result "1/2-1/2"]
[WhiteElo "2394"]
[BlackElo "2181"]
[PlyCount "39"]
[SourceVersionDate "2024.10.27"]

1. d4 d5 2. Nf3 e6 3. c4 c5 4. e3 Nf6 5. Nc3 a6 6. a3 dxc4 7. Bxc4 b5 8. Ba2
Bb7 9. O-O Be7 10. Qe2 O-O 11. Rd1 Nbd7 12. dxc5 Bxc5 13. b4 Be7 14. Bb2 Qb6
15. Rd4 Rfd8 16. Rad1 Nf8 17. R1d2 Ng6 18. Qd1 Rxd4 19. Rxd4 Rc8 20. Rd2
1/2-1/2

[Event "Superettan(Orgryte-Vasteras)"]
[Site "?"]
[Date "2024.10.04"]
[Round "1"]
[White "Norberg, Johan"]
[Black "Anderzen, Robert"]
[Result "1-0"]
[WhiteElo "2286"]
[BlackElo "2094"]
[PlyCount "93"]
[SourceVersionDate "2024.10.27"]

1. g3 Nf6 2. Bg2 g6 3. e4 d6 4. d4 Bg7 5. Ne2 e5 6. O-O O-O 7. h3 exd4 8. Nxd4
d5 9. exd5 Nxd5 10. Na3 Na6 11. c3 Nc5 12. Qf3 c6 13. Rd1 Qf6 14. Qxf6 Bxf6 15.
Nac2 Re8 16. Bxd5 cxd5 17. Kg2 Bd7 18. Be3 Ba4 19. b3 Bd7 20. Nb4 Ne6 21. Rac1
Nxd4 22. Bxd4 Bxd4 23. Rxd4 a5 24. Nxd5 Bc6 25. Kf1 Bxd5 26. Rxd5 Re6 27. Re1
Rc6 28. c4 a4 29. Re3 axb3 30. axb3 Ra2 31. Rf3 Rc7 32. g4 h6 33. h4 Re7 34. g5
hxg5 35. hxg5 Rb2 36. Kg2 Kg7 37. Kg3 Rc2 38. Rb5 Rd2 39. Re3 Red7 40. f3 Rd1
41. Ree5 R1d3 42. Red5 R7xd5 43. cxd5 Rd4 44. Kf2 Kf8 45. Ke3 Rd1 46. Ke4 Re1+
47. Kf4 1-0

[Event "Superettan(Farsta-Kristineberg)"]
[Site "?"]
[Date "2024.10.04"]
[Round "1"]
[White "Hjelm, Niclas"]
[Black "Engstrom, Kaj"]
[Result "1-0"]
[WhiteElo "2266"]
[BlackElo "2204"]
[PlyCount "67"]
[SourceVersionDate "2024.10.27"]

1. e4 c5 2. Nf3 e6 3. d4 cxd4 4. Nxd4 a6 5. Bd3 Bc5 6. Nb3 Ba7 7. Qe2 Nc6 8.
Be3 Nf6 9. Bxa7 Rxa7 10. O-O d6 11. c4 O-O 12. Nc3 Ra8 13. Rfd1 Qe7 14. h3 Nd7
15. Qe3 Nde5 16. Be2 f5 17. exf5 Rxf5 18. Ne4 d5 19. cxd5 exd5 20. Ng3 Rf6 21.
Rxd5 Qc7 22. Nd4 Bd7 23. Nxc6 Nxc6 24. Rad1 Be6 25. Rd6 Qf7 26. Ne4 Rg6 27. Ng5
Rxg5 28. Qxg5 Rf8 29. Qg3 Ne7 30. Rd8 h6 31. Rxf8+ Qxf8 32. b3 b5 33. Qd6 Qf6
34. Bg4 1-0

[Event "Superettan(Orgryte-Vasteras)"]
[Site "?"]
[Date "2024.10.04"]
[Round "1"]
[White "Arnelind, Mikael"]
[Black "Kretz, Johan"]
[Result "1/2-1/2"]
[WhiteElo "2182"]
[BlackElo "2142"]
[PlyCount "60"]
[SourceVersionDate "2024.10.27"]

1. d4 Nf6 2. c4 e6 3. Nc3 Bb4 4. e3 O-O 5. Bd3 c5 6. Nf3 Nc6 7. O-O Bxc3 8.
bxc3 d6 9. e4 e5 10. d5 Ne7 11. Ne1 Ng6 12. g3 Bh3 13. Ng2 Re8 14. Rb1 b6 15.
f3 Rb8 16. Rf2 Qc7 17. Ne3 a6 18. Nf5 b5 19. Ne3 bxc4 20. Nxc4 Rxb1 21. Bxb1
Bd7 22. Rb2 Rb8 23. Rxb8+ Qxb8 24. Qb3 Qxb3 25. axb3 Ne8 26. Bd3 Ne7 27. f4 f6
28. Kf2 Kf8 29. Ba3 exf4 30. gxf4 Bb5 1/2-1/2

[Event "Superettan(Farsta-Kristineberg)"]
[Site "?"]
[Date "2024.10.04"]
[Round "1"]
[White "Hald Falkesgaard, Jeppe"]
[Black "Jaderberg, Bjorn"]
[Result "1/2-1/2"]
[WhiteElo "2262"]
[BlackElo "2161"]
[PlyCount "84"]
[SourceVersionDate "2024.10.27"]

1. c4 b6 2. d4 e6 3. a3 Bb7 4. Nc3 f5 5. Nf3 Nf6 6. d5 Bd6 7. g3 O-O 8. Bg2 c6
9. Nd4 Qe7 10. O-O Be5 11. Bf4 Bxf4 12. gxf4 Ne4 13. Nxe4 fxe4 14. dxe6 dxe6
15. e3 e5 16. fxe5 Qxe5 17. Qg4 Re8 18. Rfd1 Bc8 19. Qg3 a5 20. Rac1 a4 21.
Qxe5 Rxe5 22. Nb5 Nd7 23. Nd6 Nc5 24. Rc3 Bg4 25. Rd4 Bf3 26. Bxf3 exf3 27. h4
Rf8 28. Kh2 Rf6 29. e4 Ree6 30. Nf5 Nxe4 31. Rxf3 Nd6 32. Ne7+ Kf7 33. Rxf6+
Rxf6 34. Nxc6 Rxf2+ 35. Kg1 Rf6 36. c5 bxc5 37. Rxa4 Ke6 38. Rg4 Nf5 39. b4 Kd5
40. Na5 cxb4 41. Rxb4 Nd4 42. Nb3 Nxb3 1/2-1/2